000 00389pam a2200157a 44500
008 230515b2007 xxu||||| |||| 00| 0 eng d
020 _a9.78E+12
041 _aENGLISH
082 _a617.643
100 _aBECKER ADRIAN
245 _aTHE ORTHODONTICS TREATMENT PF IMPACTED TEETH
250 _a2ND
260 _aUSA
_bINFORMA HEALTHCARE
_c2007
300 _a340
650 _aORTHODONTICS
999 _c426806
_d426806